000 00207nam a2200097Ia 4500
008 240331s9999 xx 000 0 und d
082 _bKRI
100 _aKrishnan, R
245 0 _aMaari marip pinnum
942 _cL
999 _c4372
_d4372